Enseñar la nación : la educación y la institucionalización de la idea de la nación en el México de la Reforma (1855-1876) /
Saved in:
| Hovedforfatter: | |
|---|---|
| Format: | Electronisk eBog |
| Sprog: | spansk |
| Udgivet: |
México, D.F. :
Fondo de Cultura Económica : Consejo Nacional para la Cultura y las Artes,
2015.
|
| Udgivelse: | Primera edición electrónica. |
| Serier: | Biblioteca mexicana (Consejo Nacional para la Cultura y las Artes (Mexico)). Serie Historia y antropología.
|
| Fag: | |
| Online adgang: | Digitalia Hispánica |
| Tags: |
Tilføj Tag
Ingen Tags, Vær først til at tagge denne postø!
|
MARC
| LEADER | 00000nam a2200000Ii 4500 | ||
|---|---|---|---|
| 001 | DIGFCE1546 | ||
| 003 | NyNyDIG | ||
| 006 | m o d | ||
| 007 | cr ||||||||||| | ||
| 008 | 210627t20152012mx ob 000 0 spa d | ||
| 035 | |a (OCoLC)1282641436 | ||
| 040 | |a DGITA |b eng |e rda |e pn |c DGITA | ||
| 043 | |a n-mx--- | ||
| 020 | |a 9786071631404 |q eBook |q ePub | ||
| 020 | |z 9786071609625 |q impreso | ||
| 050 | 1 | 4 | |a LC92.M6 ebook |
| 082 | 0 | 4 | |a 320.0972 |
| 100 | 1 | |a Zepeda, Beatriz, |e author. | |
| 245 | 1 | 0 | |a Enseñar la nación : |b la educación y la institucionalización de la idea de la nación en el México de la Reforma (1855-1876) / |c Beatriz Zepeda. |
| 250 | |a Primera edición electrónica. | ||
| 264 | 1 | |a México, D.F. : |b Fondo de Cultura Económica : |b Consejo Nacional para la Cultura y las Artes, |c 2015. | |
| 264 | 4 | |c ©2012 | |
| 300 | |a 1 online resource. | ||
| 336 | |a text |b txt |2 rdacontent | ||
| 337 | |a computer |b c |2 rdamedia | ||
| 338 | |a online resource |b cr |2 rdacarrier | ||
| 347 | |a text file |2 rdaft | ||
| 347 | |b EPUB | ||
| 490 | 1 | |a Biblioteca mexicana. |a Serie Historia y antropología | |
| 504 | |a Includes bibliographical references. | ||
| 588 | 0 | |a Online resource; title from ePub title page (Digitalia, viewed June 27, 2021) | |
| 650 | 0 | |a Nationalism and education |z Mexico. | |
| 650 | 0 | |a Education |z Mexico |x Philosophy. | |
| 655 | 0 | |a Electronic books. | |
| 791 | 2 | |a Digitalia (Firm), |e distributor. | |
| 793 | 0 | |g Digitalia eBook Collection: |a Fondo de Cultura Económica | |
| 776 | 0 | 8 | |i Print version: |a Zepeda, Beatriz. |t Enseñar la nación. |b Primera edición. |d México, D.F. : Fondo de Cultura Económica : Consejo Nacional para la Cultura y las Artes, 2012 |z 9786071609625 |w (OCoLC)82888353 |
| 830 | 0 | |a Biblioteca mexicana (Consejo Nacional para la Cultura y las Artes (Mexico)). |p Serie Historia y antropología. | |
| 856 | 4 | 0 | |3 Digitalia Hispánica |u https://digitalia.unach.elogim.com/a/64413/ |
| 910 | |a Premium collection: 2021 | ||